[Event "Campeonato de España Rapid 2017"]
[Site "Linares"]
[Date "2017.08.13"]
[Round "3"]
[White "Llobell Cortell, Enrique"]
[Black "Garcia Dorado, Alberto"]
[Result "1-0"]
[Board "26"]
[WhiteTitle "IM"]
[WhiteElo "2410"]
[WhiteCountry "ESP"]
[WhiteFideId "2216116"]
[WhiteEloChange "1"]
[BlackElo "2101"]
[BlackCountry "ESP"]
[BlackFideId "2252244"]
[BlackEloChange "-3"]

1. e4 {[%clk 0:15:08]} e6 {[%clk 0:15:08]} 2. d4 {[%clk 0:15:07]} d5 {[%clk
0:15:05]} 3. Nd2 {[%clk 0:15:11]} c5 {[%clk 0:15:01]} 4. Ngf3 {[%clk 0:15:12]}
Nc6 {[%clk 0:14:39]} 5. Bb5 {[%clk 0:14:53]} a6 {[%clk 0:13:24]} 6. exd5 {[%clk
0:13:22]} axb5 {[%clk 0:10:40]} 7. dxc6 {[%clk 0:13:23]} bxc6 {[%clk 0:10:17]} 8.
dxc5 {[%clk 0:13:22]} Bxc5 {[%clk 0:10:07]} 9. O-O {[%clk 0:11:12]} Nf6 {[%clk
0:09:01]} 10. Nb3 {[%clk 0:11:16]} Qxd1 {[%clk 0:08:30]} 11. Rxd1 {[%clk
0:11:19]} Bb6 {[%clk 0:07:13]} 12. Ne5 {[%clk 0:10:35]} Bb7 {[%clk 0:06:59]} 13.
Be3 {[%clk 0:10:23]} Bc7 {[%clk 0:06:48]} 14. Nd3 {[%clk 0:09:43]} Nd5 {[%clk
0:06:46]} 15. Ndc5 {[%clk 0:09:35]} Bc8 {[%clk 0:05:08]} 16. Nd3 {[%clk 0:08:52]}
Nxe3 {[%clk 0:03:59]} 17. fxe3 {[%clk 0:08:52]} Bb6 {[%clk 0:03:48]} 18. Kf2
{[%clk 0:08:58]} f6 {[%clk 0:02:46]} 19. Ndc5 {[%clk 0:08:48]} Bxc5 {[%clk
0:02:41]} 20. Nxc5 {[%clk 0:08:51]} Ke7 {[%clk 0:02:45]} 21. Rd3 {[%clk 0:08:24]}
Rd8 {[%clk 0:02:48]} 22. a3 {[%clk 0:08:27]} Rxd3 {[%clk 0:02:50]} 23. cxd3
{[%clk 0:08:30]} e5 {[%clk 0:02:54]} 24. Rc1 {[%clk 0:08:20]} Bf5 {[%clk
0:02:42]} 25. e4 {[%clk 0:06:36]} Bg6 {[%clk 0:02:14]} 26. Ke3 {[%clk 0:06:40]}
Kd6 {[%clk 0:02:11]} 27. Rc3 {[%clk 0:06:34]} Re8 {[%clk 0:01:59]} 28. b3 {[%clk
0:05:58]} Re7 {[%clk 0:02:02]} 29. a4 {[%clk 0:03:02]} bxa4 {[%clk 0:02:02]} 30.
bxa4 {[%clk 0:03:06]} Ra7 {[%clk 0:01:32]} 31. a5 {[%clk 0:03:10]} Kc7 {[%clk
0:01:09]} 32. Ra3 {[%clk 0:03:14]} Kd6 {[%clk 0:01:13]} 33. d4 {[%clk 0:03:14]}
f5 {[%clk 0:01:08]} 34. exf5 {[%clk 0:02:41]} Bxf5 {[%clk 0:01:11]} 35. Nb3
{[%clk 0:01:22]} Kd5 {[%clk 0:00:30]} 36. dxe5 {[%clk 0:00:47]} Kxe5 {[%clk
0:00:29]} 37. a6 {[%clk 0:00:40]} Bc8 {[%clk 0:00:23]} 38. Ra5+ {[%clk 0:00:29]}
Kd6 {[%clk 0:00:14]} 39. Nc5 {[%clk 0:00:31]} Bf5 {[%clk 0:00:14]} 40. Nb7+
{[%clk 0:00:22]} Ke6 {[%clk 0:00:16]} 41. Nc5+ {[%clk 0:00:08]} Kd6 {[%clk
0:00:19]} 42. Nb7+ {[%clk 0:00:08]} Ke6 {[%clk 0:00:24]} 43. Kd4 {[%clk 0:00:06]}
Bc2 {[%clk 0:00:26]} 44. Kc5 {[%clk 0:00:09]} Bd3 {[%clk 0:00:28]} 45. Kb6 {[%clk
0:00:13]} Ra8 {[%clk 0:00:31]} 46. Nc5+ {[%clk 0:00:17]} Kd5 {[%clk 0:00:34]} 47.
Nxd3+ {[%clk 0:00:21]} Kd6 {[%clk 0:00:27]} 48. Nc5 {[%clk 0:00:21]} 1-0

[Event "Campeonato de España Rapid 2017"]
[Site "Linares"]
[Date "2017.08.13"]
[Round "3"]
[White "Montoliu Cervero, Francisco"]
[Black "Piernagorda Copado, Jose"]
[Result "1/2-1/2"]
[Board "27"]
[WhiteTitle "FM"]
[WhiteElo "2358"]
[WhiteCountry "ESP"]
[WhiteFideId "2214814"]
[WhiteEloChange "-8"]
[BlackElo "1888"]
[BlackCountry "ESP"]
[BlackFideId "22232400"]
[BlackEloChange "8"]

1. e4 {[%clk 0:15:08]} c5 {[%clk 0:15:10]} 2. Nf3 {[%clk 0:15:11]} Nc6 {[%clk
0:15:14]} 3. d4 {[%clk 0:15:15]} cxd4 {[%clk 0:15:18]} 4. Nxd4 {[%clk 0:15:18]}
Nf6 {[%clk 0:15:22]} 5. Nc3 {[%clk 0:15:20]} e5 {[%clk 0:15:26]} 6. Ndb5 {[%clk
0:15:22]} d6 {[%clk 0:15:30]} 7. Bg5 {[%clk 0:15:24]} a6 {[%clk 0:15:34]} 8. Na3
{[%clk 0:15:27]} b5 {[%clk 0:15:39]} 9. Nd5 {[%clk 0:15:28]} Be7 {[%clk 0:15:42]}
10. Bxf6 {[%clk 0:15:31]} Bxf6 {[%clk 0:15:46]} 11. c4 {[%clk 0:15:34]} b4 {[%clk
0:15:50]} 12. Nc2 {[%clk 0:15:37]} a5 {[%clk 0:15:54]} 13. g3 {[%clk 0:15:39]}
O-O {[%clk 0:15:57]} 14. Bg2 {[%clk 0:15:42]} Bg5 {[%clk 0:16:00]} 15. b3 {[%clk
0:15:33]} Be6 {[%clk 0:16:00]} 16. O-O {[%clk 0:15:34]} Ne7 {[%clk 0:16:02]} 17.
Nde3 {[%clk 0:15:37]} Bxe3 {[%clk 0:16:04]} 18. Nxe3 {[%clk 0:15:40]} Qb6 {[%clk
0:15:46]} 19. Qd3 {[%clk 0:15:26]} Rad8 {[%clk 0:15:34]} 20. Kh1 {[%clk 0:15:24]}
f6 {[%clk 0:15:25]} 21. f4 {[%clk 0:15:11]} Nc6 {[%clk 0:15:13]} 22. Nc2 {[%clk
0:14:49]} Nb8 {[%clk 0:14:01]} 23. a3 {[%clk 0:14:19]} Na6 {[%clk 0:14:02]} 24.
axb4 {[%clk 0:14:16]} axb4 {[%clk 0:12:52]} 25. Ra2 {[%clk 0:13:09]} Nc5 {[%clk
0:12:49]} 26. Qe3 {[%clk 0:13:11]} Bd7 {[%clk 0:12:39]} 27. Rfa1 {[%clk 0:12:51]}
Bc6 {[%clk 0:12:42]} 28. f5 {[%clk 0:12:15]} Ra8 {[%clk 0:12:07]} 29. h4 {[%clk
0:11:37]} Rxa2 {[%clk 0:11:59]} 30. Rxa2 {[%clk 0:11:41]} Ra8 {[%clk 0:12:03]}
31. Rxa8+ {[%clk 0:11:18]} Bxa8 {[%clk 0:12:06]} 32. Kh2 {[%clk 0:10:30]} Bc6
{[%clk 0:12:09]} 33. h5 {[%clk 0:10:24]} h6 {[%clk 0:11:40]} 34. Qd2 {[%clk
0:04:24]} Nxe4 {[%clk 0:08:21]} 35. Qd3 {[%clk 0:03:20]} Qb7 {[%clk 0:03:46]} 36.
Nxb4 {[%clk 0:02:00]} Qxb4 {[%clk 0:03:33]} 37. Bxe4 {[%clk 0:01:52]} Bxe4 {[%clk
0:03:34]} 38. Qxe4 {[%clk 0:02:04]} Qxb3 {[%clk 0:03:23]} 39. Qd5+ {[%clk
0:02:04]} Kh7 {[%clk 0:03:24]} 40. g4 {[%clk 0:01:41]} Qe3 {[%clk 0:02:55]} 41.
Qf7 {[%clk 0:01:04]} Qf2+ {[%clk 0:02:38]} 42. Kh3 {[%clk 0:01:06]} Qf3+ {[%clk
0:02:39]} 43. Kh4 {[%clk 0:01:08]} Qf2+ {[%clk 0:01:55]} 44. Kh3 {[%clk 0:01:11]}
Qf3+ {[%clk 0:01:59]} 45. Kh4 {[%clk 0:01:14]} Qf2+ {[%clk 0:02:00]} 1/2-1/2

[Event "Campeonato de España Rapid 2017"]
[Site "Linares"]
[Date "2017.08.13"]
[Round "3"]
[White "Vila Gazquez, Xavier"]
[Black "Lara Granero, Bio"]
[Result "1-0"]
[Board "28"]
[WhiteTitle "GM"]
[WhiteElo "2473"]
[WhiteCountry "ESP"]
[WhiteFideId "2261090"]
[WhiteEloChange "1"]
[BlackElo "2060"]
[BlackCountry "ESP"]
[BlackFideId "2278286"]
[BlackEloChange "-2"]

1. e4 {[%clk 0:15:05]} c5 {[%clk 0:15:05]} 2. Nf3 {[%clk 0:15:05]} Nc6 {[%clk
0:15:05]} 3. Bb5 {[%clk 0:15:05]} Na5 {[%clk 0:15:05]} 4. d4 {[%clk 0:15:05]} a6
{[%clk 0:15:05]} 5. Be2 {[%clk 0:15:05]} cxd4 {[%clk 0:15:05]} 6. Nxd4 {[%clk
0:15:05]} e5 {[%clk 0:15:05]} 7. Nf3 {[%clk 0:15:05]} d6 {[%clk 0:15:05]} 8. c4
{[%clk 0:15:05]} Nf6 {[%clk 0:15:05]} 9. Nc3 {[%clk 0:15:05]} Be7 {[%clk
0:15:05]} 10. O-O {[%clk 0:15:05]} O-O {[%clk 0:15:05]} 11. b4 {[%clk 0:15:05]}
Nc6 {[%clk 0:15:05]} 12. a3 {[%clk 0:15:05]} h6 {[%clk 0:15:05]} 13. h3 {[%clk
0:15:05]} Be6 {[%clk 0:15:05]} 14. Be3 {[%clk 0:15:05]} Rc8 {[%clk 0:15:05]} 15.
Bd3 {[%clk 0:15:05]} Nd4 {[%clk 0:15:05]} 16. Nd5 {[%clk 0:15:05]} Bxd5 {[%clk
0:15:05]} 17. cxd5 {[%clk 0:15:04]} Nxf3+ {[%clk 0:14:43]} 18. Qxf3 {[%clk
0:15:02]} Qd7 {[%clk 0:14:37]} 19. a4 {[%clk 0:14:22]} Nh7 {[%clk 0:13:57]} 20.
Bc1 {[%clk 0:13:08]} Bg5 {[%clk 0:13:39]} 21. Bb2 {[%clk 0:13:08]} Bf4 {[%clk
0:13:39]} 22. Rfd1 {[%clk 0:12:18]} Rc7 {[%clk 0:13:21]} 23. h4 {[%clk 0:11:49]}
g5 {[%clk 0:13:15]} 24. g3 {[%clk 0:11:43]} Kh8 {[%clk 0:10:53]} 25. gxf4 {[%clk
0:11:36]} gxf4 {[%clk 0:10:53]} 26. Kh1 {[%clk 0:07:52]} Nf6 {[%clk 0:10:01]} 27.
Rg1 {[%clk 0:07:46]} Qe7 {[%clk 0:09:43]} 28. Qh3 {[%clk 0:07:28]} Nh5 {[%clk
0:09:24]} 29. Qg4 {[%clk 0:07:11]} Qd7 {[%clk 0:09:06]} 30. Qxd7 {[%clk 0:06:41]}
Rxd7 {[%clk 0:09:06]} 31. b5 {[%clk 0:06:34]} a5 {[%clk 0:08:26]} 32. b6 {[%clk
0:06:34]} f3 {[%clk 0:08:19]} 33. Bc1 {[%clk 0:05:29]} Kh7 {[%clk 0:08:00]} 34.
Bd2 {[%clk 0:05:29]} Re7 {[%clk 0:07:42]} 35. Rac1 {[%clk 0:05:21]} Nf6 {[%clk
0:07:03]} 36. Rc7 {[%clk 0:05:14]} Rxc7 {[%clk 0:06:57]} 37. bxc7 {[%clk
0:05:14]} Rc8 {[%clk 0:06:57]} 38. Bxa5 {[%clk 0:05:07]} Nd7 {[%clk 0:06:57]} 39.
Rb1 {[%clk 0:05:00]} Nc5 {[%clk 0:06:51]} 40. Bc2 {[%clk 0:05:00]} Kg6 {[%clk
0:06:51]} 41. Bb6 {[%clk 0:04:54]} Nd7 {[%clk 0:06:45]} 42. a5 {[%clk 0:04:54]}
Kh5 {[%clk 0:06:45]} 43. Bd1 {[%clk 0:04:47]} Kg4 {[%clk 0:06:38]} 44. Rb3 {[%clk
0:04:47]} Kf4 {[%clk 0:06:20]} 45. Bxf3 {[%clk 0:04:30]} Nc5 {[%clk 0:06:20]} 46.
Bxc5 {[%clk 0:04:30]} dxc5 {[%clk 0:06:20]} 47. d6 {[%clk 0:04:30]} c4 {[%clk
0:06:20]} 48. Rc3 {[%clk 0:04:24]} f5 {[%clk 0:06:14]} 49. d7 {[%clk 0:04:24]}
1-0

[Event "Campeonato de España Rapid 2017"]
[Site "Linares"]
[Date "2017.08.13"]
[Round "3"]
[White "Delgado Alarcon, Jesus Francisco"]
[Black "Almagro Llamas, Pablo"]
[Result "0-1"]
[Board "29"]
[WhiteElo "2055"]
[WhiteCountry "ESP"]
[WhiteFideId "2272369"]
[WhiteEloChange "-2"]
[BlackTitle "IM"]
[BlackElo "2446"]
[BlackCountry "ESP"]
[BlackFideId "2221799"]
[BlackEloChange "1"]

1. d4 {[%clk 0:15:09]} Nf6 {[%clk 0:15:09]} 2. c4 {[%clk 0:15:14]} e6 {[%clk
0:15:12]} 3. Nc3 {[%clk 0:15:16]} Bb4 {[%clk 0:15:15]} 4. Bd2 {[%clk 0:15:12]}
O-O {[%clk 0:15:15]} 5. a3 {[%clk 0:15:07]} Bxc3 {[%clk 0:15:16]} 6. Bxc3 {[%clk
0:14:57]} b6 {[%clk 0:15:14]} 7. f3 {[%clk 0:14:51]} d5 {[%clk 0:15:15]} 8. e3
{[%clk 0:14:50]} Ba6 {[%clk 0:15:03]} 9. b3 {[%clk 0:14:42]} c5 {[%clk 0:14:59]}
10. Bd3 {[%clk 0:14:35]} Nbd7 {[%clk 0:14:46]} 11. Ne2 {[%clk 0:14:37]} Rc8
{[%clk 0:14:38]} 12. Rc1 {[%clk 0:14:34]} dxc4 {[%clk 0:14:17]} 13. bxc4 {[%clk
0:14:22]} cxd4 {[%clk 0:14:19]} 14. Bxd4 {[%clk 0:14:20]} Nc5 {[%clk 0:10:02]}
15. Bb1 {[%clk 0:13:58]} Qe7 {[%clk 0:09:41]} 16. O-O {[%clk 0:13:41]} Rfd8
{[%clk 0:09:41]} 17. f4 {[%clk 0:12:44]} Bb7 {[%clk 0:06:24]} 18. Ng3 {[%clk
0:12:26]} Bc6 {[%clk 0:04:49]} 19. Nh5 {[%clk 0:11:27]} Nxh5 {[%clk 0:04:12]} 20.
Qxh5 {[%clk 0:11:28]} Be4 {[%clk 0:04:06]} 21. Bxc5 {[%clk 0:11:13]} Rxc5 {[%clk
0:04:07]} 22. Qe2 {[%clk 0:10:31]} Bxb1 {[%clk 0:04:10]} 23. Rxb1 {[%clk
0:10:35]} Rdc8 {[%clk 0:04:13]} 24. Rb4 {[%clk 0:10:14]} Qc7 {[%clk 0:04:10]} 25.
Rd1 {[%clk 0:09:54]} g6 {[%clk 0:04:12]} 26. Rd4 {[%clk 0:09:53]} e5 {[%clk
0:04:09]} 27. fxe5 {[%clk 0:09:50]} Qxe5 {[%clk 0:03:54]} 28. Qf3 {[%clk
0:09:31]} R8c7 {[%clk 0:03:37]} 29. h3 {[%clk 0:09:09]} Re7 {[%clk 0:03:39]} 30.
Rb3 {[%clk 0:08:56]} Qe6 {[%clk 0:02:57]} 31. Qf4 {[%clk 0:08:41]} Re5 {[%clk
0:02:48]} 32. Rd8+ {[%clk 0:08:21]} Re8 {[%clk 0:02:47]} 33. Rxe8+ {[%clk
0:07:59]} Qxe8 {[%clk 0:02:51]} 34. Rd3 {[%clk 0:07:55]} Qe7 {[%clk 0:01:39]} 35.
Qd4 {[%clk 0:07:33]} h5 {[%clk 0:01:30]} 36. Kf2 {[%clk 0:07:03]} Kh7 {[%clk
0:01:10]} 37. Ke2 {[%clk 0:06:45]} Qg5 {[%clk 0:00:51]} 38. g4 {[%clk 0:06:28]}
Qe7 {[%clk 0:00:34]} 39. Kf3 {[%clk 0:05:47]} hxg4+ {[%clk 0:00:32]} 40. hxg4
{[%clk 0:05:49]} Ra5 {[%clk 0:00:35]} 41. Rd2 {[%clk 0:05:31]} Qb7+ {[%clk
0:00:16]} 42. Kg3 {[%clk 0:05:22]} Qc7+ {[%clk 0:00:20]} 43. Kg2 {[%clk 0:04:12]}
Rxa3 {[%clk 0:00:18]} 44. Kg1 {[%clk 0:04:15]} Qg3+ {[%clk 0:00:15]} 45. Kh1
{[%clk 0:03:36]} Qf3+ {[%clk 0:00:18]} 46. Rg2 {[%clk 0:03:31]} Rxe3 {[%clk
0:00:11]} 47. Kg1 {[%clk 0:03:11]} Re1+ {[%clk 0:00:16]} 48. Kh2 {[%clk 0:03:15]}
Re2 {[%clk 0:00:18]} 49. Rxe2 {[%clk 0:03:07]} Qxe2+ {[%clk 0:00:22]} 50. Kg3
{[%clk 0:03:11]} Qe1+ {[%clk 0:00:25]} 51. Kf3 {[%clk 0:03:14]} Qe7 {[%clk
0:00:29]} 52. Qd5 {[%clk 0:02:56]} Kg8 {[%clk 0:00:28]} 53. Kf4 {[%clk 0:02:47]}
Qf6+ {[%clk 0:00:28]} 54. Kg3 {[%clk 0:02:46]} a5 {[%clk 0:00:31]} 55. Kg2 {[%clk
0:02:38]} Kg7 {[%clk 0:00:30]} 56. g5 {[%clk 0:02:37]} Qb2+ {[%clk 0:00:29]} 57.
Kf3 {[%clk 0:02:33]} a4 {[%clk 0:00:32]} 0-1

[Event "Campeonato de España Rapid 2017"]
[Site "Linares"]
[Date "2017.08.13"]
[Round "3"]
[White "Garcia Gata, Jorge D."]
[Black "Bressac, Stephane"]
[Result "1/2-1/2"]
[Board "30"]
[WhiteElo "2055"]
[WhiteCountry "ESP"]
[WhiteFideId "2256959"]
[WhiteEloChange "7"]
[BlackTitle "FM"]
[BlackElo "2337"]
[BlackCountry "FRA"]
[BlackFideId "655945"]
[BlackEloChange "-7"]

1. d4 {[%clk 0:15:07]} Nf6 {[%clk 0:15:02]} 2. c4 {[%clk 0:15:09]} c5 {[%clk
0:15:06]} 3. d5 {[%clk 0:15:11]} b5 {[%clk 0:15:10]} 4. Qc2 {[%clk 0:14:49]} g6
{[%clk 0:15:07]} 5. e4 {[%clk 0:14:47]} bxc4 {[%clk 0:15:09]} 6. Bxc4 {[%clk
0:14:40]} d6 {[%clk 0:15:12]} 7. h3 {[%clk 0:14:24]} Bg7 {[%clk 0:15:14]} 8. Nf3
{[%clk 0:14:27]} O-O {[%clk 0:15:16]} 9. O-O {[%clk 0:14:23]} Ba6 {[%clk
0:15:06]} 10. Bxa6 {[%clk 0:13:37]} Nxa6 {[%clk 0:15:09]} 11. Nc3 {[%clk
0:13:39]} Nd7 {[%clk 0:15:05]} 12. Bf4 {[%clk 0:13:20]} Rb8 {[%clk 0:14:58]} 13.
Rad1 {[%clk 0:12:45]} Nb4 {[%clk 0:13:42]} 14. Qe2 {[%clk 0:12:39]} Qb6 {[%clk
0:11:33]} 15. e5 {[%clk 0:12:05]} Nxe5 {[%clk 0:11:00]} 16. Nxe5 {[%clk 0:11:56]}
dxe5 {[%clk 0:11:01]} 17. Bxe5 {[%clk 0:11:37]} Bxe5 {[%clk 0:11:05]} 18. Qxe5
{[%clk 0:11:39]} Qd6 {[%clk 0:11:08]} 19. Qg5 {[%clk 0:10:37]} Qf6 {[%clk
0:08:48]} 20. Qxf6 {[%clk 0:10:03]} exf6 {[%clk 0:08:52]} 21. Ne4 {[%clk
0:10:05]} Rfd8 {[%clk 0:08:52]} 22. d6 {[%clk 0:05:53]} Rbc8 {[%clk 0:08:56]} 23.
Nxf6+ {[%clk 0:04:10]} Kg7 {[%clk 0:08:59]} 24. d7 {[%clk 0:02:49]} Rc6 {[%clk
0:08:55]} 25. Ne8+ {[%clk 0:02:18]} Kf8 {[%clk 0:08:59]} 26. Rfe1 {[%clk
0:02:19]} Nc2 {[%clk 0:09:03]} 27. Re5 {[%clk 0:01:27]} Nd4 {[%clk 0:08:52]} 28.
Rd5 {[%clk 0:01:23]} Ke7 {[%clk 0:08:25]} 29. Re1+ {[%clk 0:01:01]} Ne6 {[%clk
0:08:20]} 30. Ng7 {[%clk 0:00:37]} Rxd7 {[%clk 0:08:23]} 31. Rxd7+ {[%clk
0:00:37]} Kxd7 {[%clk 0:08:26]} 32. Nxe6 {[%clk 0:00:40]} fxe6 {[%clk 0:08:30]}
33. Re4 {[%clk 0:00:35]} Ra6 {[%clk 0:08:23]} 34. a3 {[%clk 0:00:33]} Kd6 {[%clk
0:08:28]} 35. Kf1 {[%clk 0:00:26]} Kd5 {[%clk 0:08:32]} 36. Re3 {[%clk 0:00:19]}
Rb6 {[%clk 0:08:36]} 37. b3 {[%clk 0:00:20]} a5 {[%clk 0:08:40]} 38. Ke2 {[%clk
0:00:23]} e5 {[%clk 0:08:45]} 39. Kd2 {[%clk 0:00:26]} a4 {[%clk 0:08:46]} 40.
Kc2 {[%clk 0:00:19]} axb3+ {[%clk 0:08:46]} 41. Rxb3 {[%clk 0:00:30]} Rf6 {[%clk
0:08:51]} 42. f3 {[%clk 0:00:33]} c4 {[%clk 0:08:54]} 43. Rb7 {[%clk 0:00:35]} h5
{[%clk 0:08:24]} 44. Kc3 {[%clk 0:00:28]} Ra6 {[%clk 0:08:26]} 45. Kb4 {[%clk
0:00:16]} Kd4 {[%clk 0:06:46]} 46. a4 {[%clk 0:00:19]} Rc6 {[%clk 0:06:16]} 47.
Rd7+ {[%clk 0:00:11]} Ke3 {[%clk 0:06:20]} 48. Kc3 {[%clk 0:00:12]} Kf2 {[%clk
0:06:06]} 49. Rd2+ {[%clk 0:00:16]} Kg3 {[%clk 0:06:10]} 50. Ra2 {[%clk 0:00:19]}
g5 {[%clk 0:04:30]} 51. a5 {[%clk 0:00:23]} g4 {[%clk 0:04:34]} 52. hxg4 {[%clk
0:00:22]} hxg4 {[%clk 0:04:38]} 53. fxg4 {[%clk 0:00:21]} Kxg4 {[%clk 0:02:56]}
54. a6 {[%clk 0:00:25]} Rc8 {[%clk 0:03:00]} 55. a7 {[%clk 0:00:27]} Ra8 {[%clk
0:03:04]} 56. Kxc4 {[%clk 0:00:30]} e4 {[%clk 0:03:02]} 57. Kd5 {[%clk 0:00:11]}
e3 {[%clk 0:02:50]} 58. Kc6 {[%clk 0:00:11]} e2 {[%clk 0:02:46]} 59. Rxe2 {[%clk
0:00:08]} Rxa7 {[%clk 0:02:50]} 60. Re3 {[%clk 0:00:10]} Ra8 {[%clk 0:02:20]}
1/2-1/2

[Event "Campeonato de España Rapid 2017"]
[Site "Linares"]
[Date "2017.08.13"]
[Round "3"]
[White "Martin Rueda, Daniel"]
[Black "Sanjuan Garcia, Miguel"]
[Result "0-1"]
[Board "31"]
[WhiteTitle "FM"]
[WhiteElo "2334"]
[WhiteCountry "ESP"]
[WhiteFideId "2226847"]
[WhiteEloChange "-17"]
[BlackElo "2048"]
[BlackCountry "ESP"]
[BlackFideId "2210584"]
[BlackEloChange "17"]

1. e4 {[%clk 0:15:05]} c5 {[%clk 0:15:05]} 2. Nf3 {[%clk 0:15:05]} e6 {[%clk
0:15:05]} 3. d3 {[%clk 0:15:05]} d5 {[%clk 0:15:05]} 4. Qe2 {[%clk 0:15:05]} Be7
{[%clk 0:15:05]} 5. g3 {[%clk 0:15:05]} Nc6 {[%clk 0:15:05]} 6. Bg2 {[%clk
0:15:05]} Qc7 {[%clk 0:15:05]} 7. O-O {[%clk 0:15:05]} dxe4 {[%clk 0:15:05]} 8.
dxe4 {[%clk 0:15:05]} Nf6 {[%clk 0:15:05]} 9. c3 {[%clk 0:15:05]} O-O {[%clk
0:15:05]} 10. a4 {[%clk 0:15:05]} b6 {[%clk 0:15:05]} 11. Na3 {[%clk 0:15:05]} a6
{[%clk 0:15:05]} 12. Nc4 {[%clk 0:15:05]} e5 {[%clk 0:15:05]} 13. Ne3 {[%clk
0:12:58]} Bd6 {[%clk 0:13:39]} 14. Nd2 {[%clk 0:11:00]} Re8 {[%clk 0:11:51]} 15.
Rd1 {[%clk 0:10:20]} Bf8 {[%clk 0:11:51]} 16. Nd5 {[%clk 0:09:50]} Qd8 {[%clk
0:11:34]} 17. Nc4 {[%clk 0:09:20]} Nxd5 {[%clk 0:11:27]} 18. exd5 {[%clk
0:09:20]} Nb8 {[%clk 0:10:59]} 19. Be3 {[%clk 0:06:22]} Nd7 {[%clk 0:10:41]} 20.
h4 {[%clk 0:05:53]} Rb8 {[%clk 0:10:41]} 21. h5 {[%clk 0:05:46]} g6 {[%clk
0:09:13]} 22. hxg6 {[%clk 0:05:39]} hxg6 {[%clk 0:09:13]} 23. Qd2 {[%clk
0:05:33]} Nf6 {[%clk 0:08:45]} 24. Bg5 {[%clk 0:05:33]} Bg7 {[%clk 0:07:40]} 25.
d6 {[%clk 0:05:26]} Bd7 {[%clk 0:07:21]} 26. a5 {[%clk 0:04:54]} bxa5 {[%clk
0:07:16]} 27. Nxa5 {[%clk 0:04:54]} Qb6 {[%clk 0:07:10]} 28. Nc4 {[%clk 0:04:54]}
Qb3 {[%clk 0:06:29]} 29. Bxf6 {[%clk 0:04:47]} Qxc4 {[%clk 0:06:12]} 30. Bd5
{[%clk 0:04:30]} Qb5 {[%clk 0:06:05]} 31. Be7 {[%clk 0:04:12]} a5 {[%clk
0:05:13]} 32. Qg5 {[%clk 0:03:53]} c4 {[%clk 0:04:55]} 33. Qxg6 {[%clk 0:03:36]}
Qxd5 {[%clk 0:04:55]} 34. Qxg7+ {[%clk 0:03:36]} Kxg7 {[%clk 0:04:55]} 35. Rxd5
{[%clk 0:03:36]} f6 {[%clk 0:04:48]} 36. Raxa5 {[%clk 0:03:29]} Bc6 {[%clk
0:04:48]} 37. Rdc5 {[%clk 0:03:23]} Bf3 {[%clk 0:04:48]} 38. Rcb5 {[%clk
0:03:14]} Rh8 {[%clk 0:04:48]} 39. Rc5 {[%clk 0:02:59]} 0-1

[Event "Campeonato de España Rapid 2017"]
[Site "Linares"]
[Date "2017.08.13"]
[Round "3"]
[White "Gonzalez Benavides, Jose Antonio"]
[Black "Perez Manas, Benjamin"]
[Result "1-0"]
[Board "32"]
[WhiteElo "2044"]
[WhiteCountry "ESP"]
[WhiteFideId "2296373"]
[WhiteEloChange "17"]
[BlackTitle "FM"]
[BlackElo "2331"]
[BlackCountry "ESP"]
[BlackFideId "22200169"]
[BlackEloChange "-17"]

1. e4 {[%clk 0:15:05]} c6 {[%clk 0:15:05]} 2. d4 {[%clk 0:15:05]} d5 {[%clk
0:15:05]} 3. Nc3 {[%clk 0:15:05]} dxe4 {[%clk 0:15:05]} 4. Nxe4 {[%clk 0:15:05]}
Nd7 {[%clk 0:15:05]} 5. Bc4 {[%clk 0:15:05]} Ngf6 {[%clk 0:15:05]} 6. Ng3 {[%clk
0:15:05]} e6 {[%clk 0:15:05]} 7. N1e2 {[%clk 0:15:05]} Bd6 {[%clk 0:15:05]} 8.
Qd3 {[%clk 0:15:05]} Qc7 {[%clk 0:15:05]} 9. Bd2 {[%clk 0:15:05]} O-O {[%clk
0:15:05]} 10. O-O {[%clk 0:15:05]} c5 {[%clk 0:15:05]} 11. c3 {[%clk 0:15:05]} b6
{[%clk 0:15:05]} 12. Ba6 {[%clk 0:15:05]} Bxa6 {[%clk 0:15:05]} 13. Qxa6 {[%clk
0:15:05]} c4 {[%clk 0:15:05]} 14. b3 {[%clk 0:15:05]} Rfc8 {[%clk 0:15:05]} 15.
Qa4 {[%clk 0:15:05]} a6 {[%clk 0:15:05]} 16. bxc4 {[%clk 0:15:05]} Qxc4 {[%clk
0:15:05]} 17. Qb3 {[%clk 0:15:05]} b5 {[%clk 0:15:05]} 18. Rfe1 {[%clk 0:15:05]}
h6 {[%clk 0:15:05]} 19. f3 {[%clk 0:15:05]} Nb6 {[%clk 0:15:05]} 20. Ne4 {[%clk
0:15:05]} Be7 {[%clk 0:15:05]} 21. N2g3 {[%clk 0:15:05]} Nfd5 {[%clk 0:15:05]}
22. Rac1 {[%clk 0:15:02]} Rc6 {[%clk 0:13:51]} 23. f4 {[%clk 0:13:25]} b4 {[%clk
0:11:53]} 24. Qxc4 {[%clk 0:12:45]} Rxc4 {[%clk 0:11:53]} 25. cxb4 {[%clk
0:12:28]} Rxd4 {[%clk 0:11:53]} 26. a3 {[%clk 0:12:10]} f5 {[%clk 0:11:53]} 27.
Bc3 {[%clk 0:11:41]} Rd3 {[%clk 0:11:53]} 28. Nf2 {[%clk 0:11:35]} Rxc3 {[%clk
0:11:53]} 29. Rxc3 {[%clk 0:11:35]} Nxc3 {[%clk 0:11:53]} 30. Rxe6 {[%clk
0:11:35]} Nbd5 {[%clk 0:11:46]} 31. Nxf5 {[%clk 0:11:35]} Kf7 {[%clk 0:11:18]}
32. Rc6 {[%clk 0:11:28]} Nxf4 {[%clk 0:11:12]} 33. Ng4 {[%clk 0:11:10]} Nfd5
{[%clk 0:10:31]} 34. Ne5+ {[%clk 0:11:10]} Ke8 {[%clk 0:09:27]} 35. Nxg7+ {[%clk
0:11:10]} Kf8 {[%clk 0:09:09]} 36. Nf5 {[%clk 0:11:10]} Ne4 {[%clk 0:04:39]} 37.
Nxh6 {[%clk 0:10:41]} Bd6 {[%clk 0:04:21]} 38. Nc4 {[%clk 0:10:34]} Bf4 {[%clk
0:04:14]} 39. Nf5 {[%clk 0:10:34]} Bg5 {[%clk 0:03:57]} 40. h4 {[%clk 0:10:28]}
Bf6 {[%clk 0:03:57]} 41. g4 {[%clk 0:10:09]} Ne7 {[%clk 0:03:50]} 42. Nxe7 {[%clk
0:10:03]} Bxe7 {[%clk 0:03:43]} 43. Ne5 {[%clk 0:10:03]} Kg7 {[%clk 0:03:43]} 44.
g5 {[%clk 0:09:44]} Rh8 {[%clk 0:03:43]} 45. Rc7 {[%clk 0:09:44]} Rxh4 {[%clk
0:03:25]} 46. Rxe7+ {[%clk 0:09:44]} Kf8 {[%clk 0:03:25]} 47. Ng6+ {[%clk
0:09:44]} 1-0